00553 2200181 4500001002100000005001700021008004100038035002400079082001000103090002000113245007900133250001100212260003900223300002500262650002900287700003400316999002100350YOGYA-0411000000090820110411164638.0 ind  0010-041100000000908 a507.6 a507.6bSialDEP aSiap menghadapi EBTANAS SMU Tahun 2001boleh Tim Akademik BBJJ Gama Exacta aCet. 1 aYogyakartabBBJJ GAMA EXACTAc2000 a142 hlmbilusc20 cm aSains - ujian, soal, dsb aTim AKademik BBJJ GAMA EXACTA aCB-D.11 2000-208